Women Political Leaders in Rwanda and South Africa (Record no. 182719)

MARC details
000 -LEADER
fixed length control field 00409nmm a2200133Ia 4500
100 ## - MAIN ENTRY--PERSONAL NAME
Personal name Morojele, Naleli Mpho Soledad
245 #0 - TITLE STATEMENT
Title Women Political Leaders in Rwanda and South Africa
260 ## - PUBLICATION, DISTRIBUTION, ETC. (IMPRINT)
Place of publication Verlag Barbara Budrich
Year of publication 2016
650 ## - SUBJECT ADDED ENTRY--TOPICAL TERM
Topical Term History
856 ## - ELECTRONIC LOCATION AND ACCESS
Uniform Resource Identifier https://www.jstor.org/stable/10.2307/j.ctvddzfsf
942 ## - ADDED ENTRY ELEMENTS (KOHA)
Koha item type
Holdings
Withdrawn status Lost status Damaged status Not for loan Permanent Location Current Location Date acquired Price effective from Koha item type
        Library and Documentation Division NCERT Library and Documentation Division NCERT 11/19/2024 11/19/2024